Traité élémentaire de droit commercial a l'exclusion du droit maritime
保存先:
| 第一著者: | |
|---|---|
| フォーマット: | 図書 |
| 言語: | フランス語 |
| 出版事項: |
París
Arthur Rousseau
1910
|
| 版: | 4a. ed |
| 主題: | |
| タグ: |
タグ追加
タグなし, このレコードへの初めてのタグを付けませんか!
|
MARC
| LEADER | 00000nam a2200000 a 4500 | ||
|---|---|---|---|
| 001 | UCR4418 | ||
| 003 | CL-VaPUC | ||
| 008 | 980307e19100000FR |||||||||||||||||fre|d | ||
| 082 | 0 | 4 | |a 346.07 |b THA |2 21 |
| 100 | 0 | |a Thaller, E |e author |9 404480 | |
| 245 | 1 | 0 | |a Traité élémentaire de droit commercial a l'exclusion du droit maritime |
| 250 | |a 4a. ed | ||
| 300 | |a 1131 p | ||
| 942 | |c BK | ||
| 945 | |d 19980307 00:00:00 |a aolguin | ||
| 260 | |a París |b Arthur Rousseau |c 1910 | ||
| 650 | 0 | |a Derecho comercial |9 256340 | |
| 650 | 0 | |a Comercio |9 255341 | |
| 650 | 0 | |a Sociedades comerciales |9 257290 | |
| 650 | 0 | |a Acciones |9 334173 | |
| 650 | 0 | |a Contratos |9 255153 | |
| 650 | 7 | |a MERCANCIAS |2 CL-VaPUC |9 376004 | |
| 650 | 0 | |a Bancos |9 254963 | |
| 650 | 0 | |a Derecho bancario |9 258094 | |
| 650 | 7 | |a TRIBUNALES DE COMERCIO |2 CL-VaPUC |9 404481 | |
| 651 | 0 | |a Francia |9 255157 | |
| 583 | |a last modification |c 19980307 00:00:00 |k Rodrigo Vera | ||
| 999 | |c 267361 |d 267359 | ||
| 952 | |0 0 |1 0 |4 0 |6 346_070000000000000_THA_1910 |7 0 |8 X |9 299642 |a BIBDER |b BIBDER |d 2019-11-20 |i 1953222 |o 346.07 THA 1910 |p 1953222 |r 2023-01-25 |w 2019-11-20 |y BK_X |k DER | ||